000 00701nam a2200289Ia 4500
005 20260324140425.0
008 008 260324s9999 xx 000 0 eng d
020 _a9780429497070
037 _aEBOOK
040 _aCRL
040 _beng
040 _cCRL
041 _2eng
041 _aeng
084 _qCRL
100 _aLynn Kwiatkowski
_91204337
245 0 _aStruggling With Development
245 4 _bThe Politics Of Hunger And Gender In The Philippines
260 _bTaylor and Francis
260 _c1998
365 _a
365 _b230
856 _uhttp://www.taylorfrancis.com/books/9780429497070
942 _cEBOOK
999 _c1806414
_d1806414